LEADER 00880nam0-22003251i-450- 001 990000158030403321 005 20141104124721.0 010 $a88-86977-25-5 035 $a000015803 035 $aFED01000015803 035 $a(Aleph)000015803FED01 035 $a000015803 100 $a20020821d--------km-y0itay50------ba 101 0 $aita 105 $ay-------001yy 200 1 $a<>tensione secondo Cauchy$ele opere originali degli anni 1822-1828$fDanilo Capecchi. 210 $aBenevento$cHevelius$d2001 215 $a142 p.$cill.$d23 cm 225 1 $aFonti$v2 610 0 $aMeccanica dei continui 676 $a531.381 700 1$aCapecchi,$bDanilo 801 0$aIT$bUNINA$gRICA$2UNIMARC 901 $aBK 912 $a990000158030403321 952 $a13 D 14 34$b12432$fFINBC 952 $aSC.0,324$fIINTC 959 $aFINBC 959 $aIINTC 997 $aUNINA